| 000 | 00889cam a22002775a 4500 | ||
|---|---|---|---|
| 001 | 014493006 | ||
| 003 | OSt | ||
| 005 | 20150629092229.0 | ||
| 008 | 080110r20132006enkadk frb f001 0 eng d | ||
| 020 | _a9780199283880 | ||
| 040 |
_aStDuBDS _beng _dEG-ScBUE |
||
| 082 | 0 | 4 |
_a303.4 _bSOC _222 |
| 245 | 0 | 0 |
_aSocial entrepreneurship : _bnew models of sustainable social change / _cedited by Alex Nicholls. |
| 260 |
_aOxford : _bOxford University Press, _c2013. |
||
| 300 |
_al, 448 p. : _bcharts, forms, tables ; _c24 cm. |
||
| 500 | _aIndex : p. 436-448. | ||
| 500 | _aReprint of the 2006 ed. | ||
| 504 | _aBibliography : p. 413-433. | ||
| 650 | 0 |
_aSocial change. _2BUEsh _935712 |
|
| 650 | 0 |
_aSocial entrepreneurship. _2BUEsh _935712 |
|
| 651 | _2BUEsh | ||
| 653 |
_bBUSADM _cJune2015 |
||
| 655 |
_vreading book _934232 |
||
| 700 | 1 |
_aNicholls, Alex, _eeditor. |
|
| 942 |
_2ddc _k303.4 SOC |
||
| 999 |
_c19522 _d19494 |
||